[Event "Mitropa Cup (Women)"]
[Site "Apolda"]
[Date "2024.02.15"]
[Round "1.5"]
[White "Walterova, Ema"]
[Black "Demeter, Dorina"]
[Result "0-1"]
[WhiteElo "2124"]
[BlackElo "2271"]
[PlyCount "70"]
[EventDate "2024.02.15"]
[EventType "team-tourn"]
[EventRounds "9"]
[EventCountry "GER"]
[SourceTitle "CB09_2024"]
[SourceDate "2024.02.28"]
[SourceVersion "1"]
[SourceVersionDate "2024.02.28"]
[SourceQuality "1"]
[WhiteTeam "Slovakia (W)"]
[BlackTeam "Hungary (W)"]
[WhiteTeamCountry "SVK"]
[BlackTeamCountry "HUN"]

1. e4 e5 2. Nf3 Nc6 3. d4 exd4 4. Nxd4 Nf6 5. Nxc6 bxc6 6. Bd3 d5 7. exd5 cxd5 8. 0-0 Be7 9. Re1 0-0 10. h3 h6 11. Nd2 c5 12. b3 Be6 13. Bb2 Rb8 14. Be5 Bd6 15. Nf3 Re8 16. c4 d4 17. Qc2 Bxe5 18. Nxe5 Qc7 19. Bf5 Rb6 20. Rad1 Bxf5 21. Qxf5 g6 22. Nxg6 Rxe1+ 23. Rxe1 fxg6 24. Qxg6+ Qg7 25. Qf5 Rd6 26. Qc8+ Qf8 27. Qxc5 d3 28. Qxa7 d2 29. Rd1 Qe8 30. Kh2 Qe5+ 31. g3 Qe2 32. Qb8+ Kg7 33. Qxd6 Qxf2+ 34. Kh1 Qf3+ 35. Kh2 Qe2+ 0-1

[Event "HUN-ch"]
[Site "Budapest"]
[Date "2023.12.18"]
[Round "7"]
[White "Terbe, Julianna"]
[Black "Demeter, Dorina"]
[Result "1/2-1/2"]
[WhiteElo "2279"]
[BlackElo "2216"]
[PlyCount "77"]
[EventDate "2023.12.12"]
[EventType "swiss"]
[EventRounds "9"]
[EventCountry "HUN"]
[SourceTitle "CB52_2023"]
[SourceDate "2023.12.27"]
[SourceVersion "1"]
[SourceVersionDate "2023.12.27"]
[SourceQuality "1"]

1. Nf3 d5 2. g3 Nf6 3. Bg2 e6 4. d4 h6 5. 0-0 Bd6 6. c4 0-0 7. Nc3 Nc6 8. b3 Re8 9. Rb1 b6 10. Bb2 Bb7 11. e3 dxc4 12. bxc4 Na5 13. Qe2 c5 14. Rfd1 cxd4 15. exd4 Ba6 16. Nb5 Rc8 17. c5 Bb8 18. a4 Nd5 19. cxb6 axb6 20. Ne5 Qe7 21. Bxd5 exd5 22. Qf3 Nc4 23. Nxc4 dxc4 24. d5 Bxb5 25. axb5 Qe2 26. Qxe2 Rxe2 27. d6 Rd8 28. d7 Re7 29. Rbc1 Rexd7 30. Rxd7 Rxd7 31. Rxc4 Bd6 32. Rd4 Rd8 33. Kg2 Kf8 34. Kf3 Ke7 35. Re4+ Kf8 36. Rd4 Ke7 37. Re4+ Kf8 38. Rd4 Ke7 39. Re4+ 1/2-1/2

[Event "HUN-ch U16/18 Girls"]
[Site "Buek"]
[Date "2023.06.23"]
[Round "6"]
[White "Demeter, Dorina"]
[Black "Buri, Kata"]
[Result "1-0"]
[WhiteElo "2183"]
[BlackElo "1877"]
[PlyCount "65"]
[EventDate "2023.06.17"]
[EventType "swiss"]
[EventRounds "9"]
[EventCountry "HUN"]
[SourceTitle "CBM 215 Extra"]
[Source "ChessBase"]
[SourceDate "2023.09.30"]
[SourceVersion "1"]
[SourceVersionDate "2023.09.30"]
[SourceQuality "1"]

1. Nf3 c5 2. c4 Nc6 3. Nc3 e5 4. g3 g6 5. Bg2 Bg7 6. 0-0 d6 7. d3 Nge7 8. a3 a5 9. Rb1 0-0 10. Bg5 h6 11. Bxe7 Nxe7 12. Ne1 Rb8 13. Nc2 Be6 14. Ne3 f5 15. Qd2 f4 16. Ned5 Nf5 17. b4 b6 18. bxa5 bxa5 19. Rxb8 Qxb8 20. Rb1 Qa7 21. Rb7 Qxb7 22. Nf6+ Bxf6 23. Bxb7 Rb8 24. Bd5 Bxd5 25. Nxd5 Bd8 26. gxf4 exf4 27. Qxf4 Bg5 28. Qe4 Kg7 29. Qe6 Rb2 30. Qd7+ Kh8 31. Qe8+ Kg7 32. Nc7 Ne7 33. Ne6+ 1-0

[Event "HUN-ch U16/18 Girls"]
[Site "Buek"]
[Date "2023.06.20"]
[Round "2"]
[White "Demeter, Dorina"]
[Black "Nyuli, Leila"]
[Result "1-0"]
[WhiteElo "2183"]
[BlackElo "1384"]
[PlyCount "51"]
[EventDate "2023.06.17"]
[EventType "swiss"]
[EventRounds "9"]
[EventCountry "HUN"]
[SourceTitle "CBM 215 Extra"]
[Source "ChessBase"]
[SourceDate "2023.09.30"]
[SourceVersion "1"]
[SourceVersionDate "2023.09.30"]
[SourceQuality "1"]

1. d4 d5 2. c4 e6 3. Nc3 Nf6 4. cxd5 exd5 5. Bg5 c6 6. e3 Nbd7 7. Bd3 Qa5 8. Qc2 h6 9. Bf4 Bb4 10. h3 c5 11. Nge2 c4 12. Bf5 Nb6 13. 0-0 Bxc3 14. Nxc3 Qb4 15. Be5 Qe7 16. Nb5 0-0 17. Bd6 Qe8 18. Bxf8 Qxb5 19. Be7 Bxf5 20. Qxf5 Ne4 21. Bc5 Qxb2 22. Rab1 Qxa2 23. Ra1 Qb3 24. Rfb1 Qc3 25. Bxb6 Nd2 26. Ba5 1-0

[Event "Zalakaros Barczay Memorial"]
[Site "Zalakaros"]
[Date "2023.06.06"]
[Round "4"]
[White "Loiacono, Antonio"]
[Black "Demeter, Dorina"]
[Result "1-0"]
[WhiteElo "2350"]
[BlackElo "2183"]
[PlyCount "104"]
[EventDate "2023.06.03"]
[EventType "swiss"]
[EventRounds "9"]
[EventCountry "HUN"]
[SourceTitle "CBM 214 Extra"]
[Source "ChessBase"]
[SourceDate "2023.07.31"]
[SourceVersion "1"]
[SourceVersionDate "2023.07.31"]
[SourceQuality "1"]

1. e4 e5 2. Nf3 Nc6 3. Nc3 Nf6 4. a3 d5 5. Bb5 d4 6. Ne2 Bd6 7. d3 h6 8. Ng3 0-0 9. Bxc6 bxc6 10. 0-0 Re8 11. h3 c5 12. Nd2 Be6 13. b3 Nd7 14. Nc4 Qh4 15. Bd2 Nb6 16. Qf3 Nxc4 17. bxc4 Rab8 18. Rab1 g6 19. Rb3 Rb6 20. Rfb1 Reb8 21. Ba5 Rxb3 22. Rxb3 c6 23. Rxb8+ Bxb8 24. Nf1 Bd6 25. Nd2 Kg7 26. Nb3 Bd7 27. Qe2 Qg5 28. Bd2 Qh4 29. Qe1 Qe7 30. Qc1 Qh4 31. Be1 Qe7 32. Bd2 Qh4 33. Qe1 Qe7 34. Bc1 f5 35. f3 f4 36. a4 Qg5 37. Kf1 Qh5 38. Qf2 Be7 39. Ba3 Bh4 40. Qe2 Qg5 41. Bxc5 Qg3 42. Kg1 Bxh3 43. Bxa7 g5 44. Nd2 Bc8 45. Bb8 Kf6 46. c5 g4 47. Nf1 Qe1 48. Qxe1 Bxe1 49. fxg4 Bxg4 50. Nh2 Bd1 51. Nf3 Bxf3 52. gxf3 Bb4 1-0

[Event "Mitropa Cup (Women)"]
[Site "Mali Losinj"]
[Date "2023.04.19"]
[Round "9.7"]
[White "Manko, Mariya"]
[Black "Demeter, Dorina"]
[Result "0-1"]
[WhiteElo "2140"]
[BlackElo "2171"]
[PlyCount "76"]
[EventDate "2023.04.11"]
[EventType "team-tourn"]
[EventRounds "9"]
[EventCountry "CRO"]
[SourceTitle "CBM 213 Extra"]
[Source "ChessBase"]
[SourceDate "2023.05.31"]
[SourceVersion "1"]
[SourceVersionDate "2023.05.31"]
[SourceQuality "1"]
[WhiteTeam "Switzerland (W)"]
[BlackTeam "Hungary (W)"]
[WhiteTeamCountry "SUI"]
[BlackTeamCountry "HUN"]

1. d4 Nf6 2. c4 e6 3. Nf3 d5 4. g3 h6 5. Bg2 Bd6 6. 0-0 0-0 7. Qc2 b6 8. b3 Bb7 9. Nc3 Nbd7 10. cxd5 exd5 11. Nb5 Re8 12. Nxd6 cxd6 13. Ba3 Ne4 14. Rac1 Ba6 15. Rfe1 Rc8 16. Qb2 Qe7 17. Rxc8 Bxc8 18. e3 Ndf6 19. Nd2 Bf5 20. f3 Nxd2 21. Qxd2 Qd7 22. Qb4 Re6 23. Bf1 g5 24. g4 Bg6 25. Qc3 h5 26. h3 Re8 27. Rc1 Qe6 28. Kf2 hxg4 29. hxg4 Be4 30. Be2 Kg7 31. Rh1 Nxg4+ 32. Ke1 Rc8 33. Qb4 Nxe3 34. Kf2 Ng4+ 35. Kg3 Bf5 36. Ba6 Qe3 37. Qe1 Qf4+ 38. Kg2 Rc2+ 0-1

[Event "Mitropa Cup (Women)"]
[Site "Mali Losinj"]
[Date "2023.04.16"]
[Round "6.4"]
[White "Demeter, Dorina"]
[Black "Maione, Melissa"]
[Result "1-0"]
[WhiteElo "2171"]
[BlackElo "1968"]
[PlyCount "95"]
[EventDate "2023.04.11"]
[EventType "team-tourn"]
[EventRounds "9"]
[EventCountry "CRO"]
[SourceTitle "CBM 213 Extra"]
[Source "ChessBase"]
[SourceDate "2023.05.31"]
[SourceVersion "1"]
[SourceVersionDate "2023.05.31"]
[SourceQuality "1"]
[WhiteTeam "Hungary (W)"]
[BlackTeam "Italy (W)"]
[WhiteTeamCountry "HUN"]
[BlackTeamCountry "ITA"]

1. Nf3 Nf6 2. c4 c5 3. Nc3 d5 4. cxd5 Nxd5 5. e4 Nb4 6. Bc4 Nd3+ 7. Ke2 Nf4+ 8. Kf1 Ne6 9. d3 Nc6 10. Be3 Ned4 11. Nb5 e6 12. Nbxd4 Nxd4 13. Bxd4 cxd4 14. Bb5+ Bd7 15. Qa4 Bd6 16. Nxd4 a6 17. Bxd7+ Qxd7 18. Qxd7+ Kxd7 19. Ke2 Rac8 20. Rhc1 Bf4 21. Rxc8 Rxc8 22. Kd1 Ke8 23. Ne2 Be5 24. f4 Bf6 25. Rc1 Rd8 26. Kd2 g5 27. g3 gxf4 28. gxf4 e5 29. Rg1 Ke7 30. Nc3 exf4 31. Nd5+ Ke6 32. Nxf4+ Kd7 33. Nd5 Be5 34. Ke3 b5 35. d4 Bb8 36. Rg7 Bxh2 37. Rxf7+ Ke6 38. Rxh7 Bg1+ 39. Kd3 Rf8 40. Rh6+ Kd7 41. Rf6 Rg8 42. e5 Rg3+ 43. Ke4 Rg2 44. Rd6+ Ke8 45. Nf6+ Kf8 46. Rd8+ Kf7 47. Rd7+ Kf8 48. e6 1-0

[Event "Vienna (Women)"]
[Site "Vienna"]
[Date "2023.02.10"]
[Round "5"]
[White "Demeter, Dorina"]
[Black "Bashylina, Luisa"]
[Result "1/2-1/2"]
[WhiteElo "2171"]
[BlackElo "2131"]
[PlyCount "102"]
[EventDate "2023.02.07"]
[EventType "tourn"]
[EventRounds "9"]
[EventCountry "AUT"]
[SourceTitle "CBM 212 Extra"]
[Source "ChessBase"]
[SourceDate "2023.03.31"]
[SourceVersion "1"]
[SourceVersionDate "2023.03.31"]
[SourceQuality "1"]

1. Nf3 c5 2. c4 Nc6 3. Nc3 e5 4. g3 g6 5. Bg2 Bg7 6. 0-0 Nge7 7. Rb1 0-0 8. a3 a5 9. d3 d5 10. cxd5 Nxd5 11. Bg5 Nxc3 12. bxc3 Qc7 13. Nd2 Ra6 14. Ne4 Ne7 15. Rb5 b6 16. Nf6+ Kh8 17. Qd2 Be6 18. c4 Nf5 19. Nd5 Bxd5 20. Bxd5 Nd4 21. Rb2 f5 22. Be3 f4 23. Bxd4 exd4 24. Rfb1 Be5 25. Kg2 h5 26. Bf3 Kg7 27. g4 hxg4 28. Bxg4 Qd8 29. h3 Qg5 30. f3 Bc7 31. Qd1 a4 32. Qe1 Rh8 33. Rb5 Raa8 34. Qf2 Rh4 35. Qxd4+ Qf6 36. Qd7+ Qf7 37. Qxf7+ Kxf7 38. d4 Re8 39. dxc5 bxc5 40. Rxc5 Rxe2+ 41. Kf1 Re7 42. Rc6 Rh8 43. Be6+ Rxe6 44. Rxc7+ Kf6 45. Kg2 Re2+ 46. Kf1 Re6 47. Kg2 Re2+ 48. Kf1 Re3 49. Rb6+ Ke5 50. Re7+ Kd4 51. Rd6+ Kxc4 1/2-1/2

[Event "Vienna (Women)"]
[Site "Vienna"]
[Date "2023.02.10"]
[Round "6"]
[White "Demeter, Dorina"]
[Black "Hrescak, Ivana"]
[Result "1-0"]
[WhiteElo "2171"]
[BlackElo "2124"]
[PlyCount "67"]
[EventDate "2023.02.07"]
[EventType "tourn"]
[EventRounds "9"]
[EventCountry "AUT"]
[SourceTitle "CBM 212 Extra"]
[Source "ChessBase"]
[SourceDate "2023.03.31"]
[SourceVersion "1"]
[SourceVersionDate "2023.03.31"]
[SourceQuality "1"]

1. Nf3 g6 2. d4 Bg7 3. e4 d6 4. Be2 Nd7 5. 0-0 e5 6. Nc3 Ne7 7. Be3 0-0 8. Qd2 Nc6 9. Bg5 f6 10. Be3 Nb6 11. h3 f5 12. dxe5 Nxe5 13. Nxe5 Bxe5 14. f4 Bg7 15. a4 fxe4 16. a5 Nd7 17. Nxe4 Qe7 18. Bc4+ Kh8 19. Ng5 Nf6 20. Bd4 d5 21. Bxf6 Bxf6 22. Bxd5 c6 23. Bb3 Bxb2 24. Rae1 Qc5+ 25. Kh1 Bf5 26. g4 h6 27. Nf7+ Rxf7 28. Bxf7 Bc3 29. Qe3 Bd4 30. Qe7 Qc3 31. Qh4 h5 32. gxf5 Bf6 33. Qf2 Qxh3+ 34. Qh2 1-0

[Event "EU-chT U18 Girls"]
[Site "Thessaloniki"]
[Date "2022.07.14"]
[Round "3.1"]
[White "Buchholz, Maja Patricia"]
[Black "Demeter, Dorina"]
[Result "0-1"]
[WhiteElo "1879"]
[BlackElo "2176"]
[PlyCount "132"]
[EventDate "2022.07.12"]
[EventType "team-swiss"]
[EventRounds "7"]
[EventCountry "GRE"]
[SourceTitle "EXT 2023"]
[Source "ChessBase"]
[SourceDate "2022.10.05"]
[SourceVersion "1"]
[SourceVersionDate "2022.10.05"]
[SourceQuality "1"]
[WhiteTeam "Germany U18 II"]
[BlackTeam "Hungary U18"]
[WhiteTeamCountry "GER"]
[BlackTeamCountry "HUN"]

1. c4 c5 2. g3 Nc6 3. Bg2 g6 4. Nc3 Bg7 5. Nf3 e6 6. d4 cxd4 7. Nb5 d5 8. cxd5 Qa5+ 9. Nd2 exd5 10. Nd6+ Kf8 11. Qb3 Nge7 12. 0-0 Be6 13. Nxb7 Qb6 14. Qxb6 axb6 15. Nd6 Nb4 16. a3 d3 17. e3 Nc2 18. Rb1 Rd8 19. Nb5 d4 20. Nxd4 Ba2 21. Nxc2 Bxb1 22. Nb4 Bc2 23. Nxc2 dxc2 24. Be4 Rc8 25. Nb3 f5 26. Bd3 Kf7 27. Na1 Rc7 28. Re1 Rhc8 29. Kg2 Bxb2 30. Bxb2 c1Q 31. Rxc1 Rxc1 32. Bxc1 Rxc1 33. Nc2 Kf6 34. h4 Nc6 35. Nb4 Ne5 36. Bb5 Rc5 37. a4 Ke6 38. Nd3 Nxd3 39. Bxd3 Kd6 40. Kf3 Ra5 41. Bc2 Kc5 42. Kf4 Kb4 43. f3 Rc5 44. Bd1 Rc1 45. Be2 Kxa4 46. g4 fxg4 47. fxg4 Re1 48. Bd3 Kb4 49. h5 gxh5 50. gxh5 h6 51. Bg6 Kc3 52. Be8 Kc4 53. Bf7+ Kc5 54. Bg6 b5 55. e4 Kd4 56. Kf5 b4 57. Kf6 b3 58. Kg7 Rxe4 59. Bf7 Re7 60. Kg6 Rxf7 61. Kxf7 b2 62. Kg6 Ke5 63. Kxh6 Kf6 64. Kh7 b1Q+ 65. Kh6 Qg1 66. Kh7 Qg7# 0-1

[Event "EU-chT U18 Girls"]
[Site "Thessaloniki"]
[Date "2022.07.13"]
[Round "2.1"]
[White "Demeter, Dorina"]
[Black "Ruzic, Pia Marie"]
[Result "1/2-1/2"]
[WhiteElo "2176"]
[BlackElo "2025"]
[PlyCount "95"]
[EventDate "2022.07.12"]
[EventType "team-swiss"]
[EventRounds "7"]
[EventCountry "GRE"]
[SourceTitle "EXT 2023"]
[Source "ChessBase"]
[SourceDate "2022.10.05"]
[SourceVersion "1"]
[SourceVersionDate "2022.10.05"]
[SourceQuality "1"]
[WhiteTeam "Hungary U18"]
[BlackTeam "Slovenia U18"]
[WhiteTeamCountry "HUN"]
[BlackTeamCountry "SLO"]

1. Nf3 Nf6 2. c4 g6 3. Nc3 Bg7 4. e4 d6 5. d4 0-0 6. h3 e5 7. d5 Nh5 8. g3 Na6 9. Bd3 Nc5 10. Bc2 f5 11. exf5 gxf5 12. Ng5 Qe8 13. Nb5 Na6 14. Ne6 Bxe6 15. dxe6 e4 16. e7 Qxe7 17. Qxh5 Nb4 18. Qe2 d5 19. a3 Nxc2+ 20. Qxc2 c6 21. Nc3 d4 22. Nb1 Rae8 23. Bf4 Be5 24. Qc1 e3 25. Bxe5 Qxe5 26. 0-0 Kh8 27. Kg2 f4 28. fxe3 Qe4+ 29. Kg1 fxe3 30. Nd2 exd2 31. Qxd2 Rxf1+ 32. Rxf1 Qe3+ 33. Qf2 Kg7 34. c5 d3 35. Rd1 b6 36. Qxe3 Rxe3 37. Kf2 Re2+ 38. Kf3 Rxb2 39. cxb6 axb6 40. Rxd3 c5 41. Rc3 Kf6 42. Ke4 Ke6 43. h4 Rb1 44. Kd3 Kd5 45. Kc2 Rg1 46. Rd3+ Kc4 47. Rc3+ Kd4 48. Rd3+ 1/2-1/2